Obtención de un ablandador de carne a partir del corazón, pulpa y cáscara de la piña.

El presente trabajo tuvo como finalidad la evaluacion de tres variedades de papa mediante un diseño muestral para el fritado.

Bibliographic Details
Main Author: Ruíz Bermúdez, Schadai
Other Authors: Tutor: Escorcia, Denis
Format: Tesis Section = Libro
Language:Undetermined
Spanish
Published: Managua UNI 2011
Subjects:
LEADER 00861nam a2200229Ia 4500
008 240830s9999 xx 000 0 und d
040 |a CEDOC DACA-RUSB / T.Mon 658.11 R934 
041 |a spa 
082 |a T.Mon 658.11 R934 
100 1 |a Ruíz Bermúdez, Schadai 
245 1 0 |a Obtención de un ablandador de carne a partir del corazón, pulpa y cáscara de la piña. 
260 |a Managua  |b UNI  |c 2011 
300 |a 25 . :il. 
502 |a Tesis (Ingeniero Químico) -UNI, 2011. 
520 3 |a El presente trabajo tuvo como finalidad la evaluacion de tres variedades de papa mediante un diseño muestral para el fritado. 
650 7 |a PIÑA-TECNOLOGIA DE LOS ALIMENTOS – COMERCIALIZADORA DE PIÑA 
650 7 |b  ABLNDADOR DE FRUTA 
650 7 |c  ASPECTO ECONOMICO 
700 1 |a Tutor:  |b Escorcia, Denis 
942 |c BK  |2 ddc 
991 |a TESIS 
999 |c 26169